000 01506ngm a22003370a 4500
001 PT16713
003 AR-LpoUNG
005 20210202000233.0
007 vd cvaizq
008 191001s1988||||ag |||||||||||||||||spa d
037 _c$8.30
040 _aAR-LpoUNG
_bspa
_cAR-LpoUNG
_eaacr
041 _aspa
044 _aag
082 0 _a303.387 497hue
100 1 _aBergman, Ingmar
_edir.
245 1 3 _aEl huevo de la serpiente = The serpentïs egg
260 _aSan Luis :
_bGativideo,
_cc1988.
300 _aVHS (110 min.) : son., col.
520 _aAlemania 1923. Abel, un norteamericano radicado en Alemania, regresa una noche a la habitación de la pensión en que vive y encuentra el cadáver de su hermano. Manuela, su cuñada, después de enterarse del suicidio de su ex marido decide proteger a Abel, a pesar de que apenas puede mantenerse ella con lo que gana en el cabaret. El Dr. Vergerus, amigo de Abel, les ofrece a éste y a Manuela empleo y alojamiento en la clínica que dirige. Un día Abel oye hablar de extraños experimentos con seres humanos. Una asombrosa realidad asomará en su vida, realidad ésta que le tocará tan cerca que su vida estará determinada sólo por su resistencia ante la locura y el crimen.
650 4 _aALEMANIA
650 4 _aASPECTOS POLITICOS
650 4 _aCAUSAS DE MUERTE
650 4 _aDISCRIMINACION
650 4 _aHISTORIA SOCIAL
650 4 _aLITERATURA
650 4 _aMUERTE
653 _aVIDEOS
905 _a16713
942 _cVIDEO
999 _c54408
_d54408